000 00791nam a22002177a 4500
005 20170417165810.0
010 _aENG-109131
020 _a9789350351734
_c350.00
035 _aEN-92664
035 _aB-667546
037 _bDBAD/PUB
082 _a346.54016
100 _aSukhdev Singh
245 _aHindu law of marriage and divorce /
_cby Sukhdev Singh ; foreworded by A.K. Sikri
260 _a Delhi
_bUniversal Law Publishing
_c2012
270 _aC- FF - 1A, Dilkhush Industrial Estate, G. T. Karnal Road,
_bDelhi
_e110033
300 _axxviii,332p.
_c24cm(pbk)
500 _aIncludes index
942 _2ddc
_cEN
_mSUK
_h346.54016
999 _c81990
_d81990